书目信息 |
| 题名: |
怎样修理闹钟
|
|
| 作者: | 李锡贤 编 | |
| 分册: | ||
| 出版信息: | 上海 上海人民出版社 1977 |
|
| 页数: | 122页 | |
| 开本: | 19cm | |
| 丛书名: | ||
| 单 册: | ||
| 中图分类: | TH714.9 | |
| 科图分类: | ||
| 主题词: | 时钟--维修 | |
| 电子资源: | ||
| ISBN: | ||
| 000 | 00624nam0 2200229 45 | |
| 001 | 0177003255 | |
| 005 | 20060414093436.87 | |
| 010 | @dCNY0.21 | |
| 100 | @a19951010d1977 em y0chiy0121 ea | |
| 101 | 0 | @achi |
| 102 | @aCN@b310000 | |
| 105 | @ay z 000yy | |
| 200 | 10 | @a怎样修理闹钟@Azen yang xiu li nao zhong@e钢丝骑马闹钟@f李锡贤编 |
| 210 | @a上海@c上海人民出版社@d1977 | |
| 215 | @a122页@d19cm | |
| 517 | 1 | @a钢丝骑马闹钟@Agang si qi ma nao zhong |
| 606 | @a时钟@x维修 | |
| 690 | @aTH714.9@v4 | |
| 701 | 0 | @a李锡贤@Ali xi xian@4编 |
| 801 | 2 | @aCN@bNLC@c20060414 |
| 801 | 0 | @aCN@bTSSF |
| 905 | @a10447@dTH714.9@e3 | |
| 怎样修理闹钟:钢丝骑马闹钟/李锡贤编.-上海:上海人民出版社,1977 |
| 122页;19cm |
| ISBN :CNY0.21 |
| ● |
| 相关链接 |
|
|
|
|
正题名:怎样修理闹钟
索取号:TH714.9/3
 
预约/预借
| 序号 | 登录号 | 条形码 | 馆藏地/架位号 | 状态 | 备注 |
| 1 | 0017429 | 202258537 | 密集书库/ [索取号:TH714.9/3] | 在馆 | |
| 2 | 0017430 | 202258494 | 密集书库/ [索取号:TH714.9/3] | 在馆 |